000 02507cam a22004574a 4500
999 _c6613
_d6613
001 14163044
003 OSt
005 20210322151344.0
008 051101s2006 ne ab b 001 0 eng
010 _a 2005055285
015 _aGBA575301
_2bnb
016 7 _a101280299
_2DNLM
016 7 _a013287596
_2Uk
020 _a0444521151
020 _a9780444521156
020 _a0444521550
020 _a9780444521552
035 _a(OCoLC)ocm62282397
035 _a(OCoLC)62282397
040 _aDLC
_cDLC
_dC#P
_dBAKER
_dCLU
_dNLGGC
_dNLM
_dYDXCP
_dOHX
_dMUQ
_dXMA
_dUKM
_dBTCTA
_dDLC
042 _apcc
050 0 0 _aQH366.2
_b.W553 2006
060 0 0 _a2006 H-538
060 1 0 _aQH 366.2
_bW726c 2006
082 0 0 _a572.38 WIL 2006
_222
100 1 _aWilliams, R. J. Paton; Fraústo da Silva J.J.R.
_913599
245 1 4 _aThe Chemistry of Evolution:
_bthe development of our ecosystem
250 _a1st ed.
260 _aAmsterdam ;
_aBoston :
_bElsevier,
_c2006.
300 _aix, 481 p. :
_bcol.ill, maps ;
_c25 cm.
504 _aIncludes bibliographical references and index.
505 0 _a1. The evolution of earth-the geochemical partner of the global ecosystem (5 billion years of history) -- 2. Basic chemistry of the ecosystem -- 3. Energy, order and disorder, and organised systems -- 4. Outline of biological chemical principles : components, pathways and controls -- 5. First steps in evolution of prokaryotes : anaerobic chemotypes four to three billion years ago -- 6. The evolution of protoaerobic and aerobic prokaryote chemotypes (three to two billion years ago) -- 7. Unicellular eukaryotes chemotypes (about one and a half billion years ago?) -- 8. Multi-cellular eukaryote chemotypes (from one billion years ago) -- 9. The evolution of chemotypes with nerves and a brain (0.5 billion years ago to today) -- 10. Evolution due to mankind : a completely novel chemotype (less than one hundred thousand years ago) -- 11. Conclusion : the inevitable factors in evolution
650 1 2 _aBiological evolution.
_913606
650 2 2 _aEcosystem.
_910960
650 2 2 _aEvolution, Chemical.
_913608
856 4 1 _3Table of contents only
_uhttp://www.loc.gov/catdir/toc/fy0803/2005055285.html
856 4 2 _3Publisher description
_uhttp://www.loc.gov/catdir/enhancements/fy0811/2005055285-d.html
906 _a7
_bcbc
_corignew
_d1
_eocip
_f20
_gy-gencatlg
942 _2ddc
_cO_SHELF